[Event "PHI-ch op"]
[Site "Mactan City"]
[Date "2021.12.12"]
[Round "6"]
[White "Young, Angelo"]
[Black "Delos Santos, Don Tyrone"]
[Result "1-0"]
[WhiteElo "2321"]
[BlackElo "2001"]
[PlyCount "82"]
[EventDate "2021.12.09"]
[EventType "swiss"]
[EventRounds "9"]
[EventCountry "PHI"]
[SourceTitle "CBM 205 Extra"]
[Source "ChessBase"]
[SourceDate "2022.01.31"]
[SourceVersion "1"]
[SourceVersionDate "2022.01.31"]
[SourceQuality "1"]

1. d4 d5 2. Nf3 Nf6 3. c4 c6 4. Nbd2 Bf5 5. Nh4 Be4 6. Qb3 Qb6 7. Nhf3 e6 8. e3 Nbd7 9. Nxe4 Nxe4 10. Bd3 Bb4+ 11. Ke2 Be7 12. c5 Qc7 13. Bxe4 dxe4 14. Nd2 0-0 15. Nxe4 e5 16. Bd2 exd4 17. exd4 Rae8 18. Kd3 Kh8 19. Kc2 f5 20. Qg3 Qd8 21. Nc3 Bf6 22. Qd3 b6 23. b4 bxc5 24. bxc5 Qa5 25. Qc4 Rd8 26. Rhd1 Rfe8 27. Ne4 Qa3 28. Nd6 h6 29. Nxe8 Rxe8 30. Re1 Rd8 31. Bc3 Nf8 32. Re3 Bg5 33. f4 Bxf4 34. Rf3 Be5 35. dxe5 Rd5 36. e6 Rxc5 37. Qb3 Qxb3+ 38. axb3 Nxe6 39. Kb2 Kh7 40. Rxa7 Kg6 41. Re3 Ng5 1-0

[Event "PHI-ch op"]
[Site "Mactan City"]
[Date "2021.12.11"]
[Round "4"]
[White "Delos Santos, Don Tyrone"]
[Black "Makinano, Anthony"]
[Result "1-0"]
[WhiteElo "2001"]
[BlackElo "2278"]
[PlyCount "77"]
[EventDate "2021.12.09"]
[EventType "swiss"]
[EventRounds "9"]
[EventCountry "PHI"]
[SourceTitle "CBM 205 Extra"]
[Source "ChessBase"]
[SourceDate "2022.01.31"]
[SourceVersion "1"]
[SourceVersionDate "2022.01.31"]
[SourceQuality "1"]

1. d4 d5 2. Nf3 Nf6 3. Bf4 e6 4. e3 Bd6 5. Bg3 b6 6. Nbd2 0-0 7. Bd3 Ba6 8. Bxa6 Nxa6 9. Qe2 Nb4 10. 0-0 c5 11. c3 Nc6 12. Bxd6 Qxd6 13. Rad1 e5 14. Nc4 dxc4 15. dxe5 Qe6 16. Rd6 Qe7 17. Rxc6 Ne8 18. Qxc4 h6 19. e6 Rd8 20. exf7+ Rxf7 21. Re6 Qc7 22. Ne5 Nd6 23. Qg4 Re7 24. Rxe7 Qxe7 25. Nc6 Qd7 26. Qxd7 Rxd7 27. Rd1 Kf8 28. Ne5 Rd8 29. Nc4 Nf7 30. Rxd8+ Nxd8 31. f4 Nc6 32. Kf2 b5 33. Ne5 Nxe5 34. fxe5 Ke7 35. Kf3 Ke6 36. Ke4 a5 37. b3 g6 38. h4 h5 39. c4 1-0

[Event "PHI-ch op"]
[Site "Mactan City"]
[Date "2021.12.10"]
[Round "3"]
[White "Delos Santos, Don Tyrone"]
[Black "Chavez, Antonio"]
[Result "1-0"]
[WhiteElo "2001"]
[BlackElo "2112"]
[PlyCount "115"]
[EventDate "2021.12.09"]
[EventType "swiss"]
[EventRounds "9"]
[EventCountry "PHI"]
[SourceTitle "CBM 205 Extra"]
[Source "ChessBase"]
[SourceDate "2022.01.31"]
[SourceVersion "1"]
[SourceVersionDate "2022.01.31"]
[SourceQuality "1"]

1. d4 Nf6 2. Nf3 g6 3. Bg5 Ne4 4. Bh4 c5 5. c3 Bg7 6. e3 0-0 7. Bd3 d5 8. 0-0 Nc6 9. Nbd2 Bf5 10. Qc2 cxd4 11. exd4 Rc8 12. Nxe4 Nb4 13. Qe2 Nxd3 14. Ng3 Qd7 15. Rad1 Nf4 16. Qxe7 f6 17. Nxf5 Qxf5 18. Bg3 Rfe8 19. Qb4 Ne2+ 20. Kh1 g5 21. Qb5 Re4 22. Rd2 a6 23. Qd3 Qe6 24. Ng1 Nxg1 25. Kxg1 g4 26. f3 Re3 27. Qc2 gxf3 28. Rxf3 Rxf3 29. gxf3 Re8 30. Kf1 Qh3+ 31. Kf2 h5 32. Qg6 Re6 33. Bf4 b5 34. Qg3 Qf5 35. Bh6 Re7 36. Re2 Rf7 37. Qf4 Qh3 38. Ke1 Bh8 39. Re8+ Kh7 40. Qb8 Bg7 41. Bxg7 Qxf3 42. Rh8+ Kg6 43. Rh6+ Kg5 44. h4+ Kg4 45. Rg6+ Kf5 46. Rxf6+ Rxf6 47. Qe5+ Kg6 48. Qg5+ Kf7 49. Bxf6 Qxf6 50. Qxh5+ Kf8 51. Qe2 Qg6 52. h5 Qb1+ 53. Kf2 a5 54. h6 b4 55. cxb4 axb4 56. a4 Qa1 57. Qf3+ Ke7 58. h7 1-0

[Event "Olongapo City Puregold op-B"]
[Site "Olongapo City"]
[Date "2015.11.20"]
[Round "6"]
[White "Delos Santos, Don Tyrone"]
[Black "Peligro, Israel"]
[Result "1-0"]
[WhiteElo "1988"]
[BlackElo "1766"]
[PlyCount "43"]
[EventDate "2015.11.17"]
[EventType "swiss"]
[EventRounds "9"]
[EventCountry "PHI"]
[SourceTitle "EXT 2017"]
[Source "ChessBase"]
[SourceDate "2016.10.25"]
[SourceVersion "1"]
[SourceVersionDate "2016.10.25"]
[SourceQuality "1"]

1. d4 Nf6 2. Nf3 d6 3. Bf4 g6 4. e3 Bg7 5. h3 0-0 6. Nbd2 Nbd7 7. Bc4 c5 8. c3 a6 9. a4 b6 10. 0-0 Bb7 11. Qe2 Qc7 12. Bh2 a5 13. e4 cxd4 14. cxd4 Rac8 15. Rfc1 Qb8 16. e5 Bd5 17. exf6 Bxc4 18. Rxc4 Bxf6 19. Rac1 Qb7 20. Bf4 Rxc4 21. Nxc4 e5 22. Nxd6 1-0